000 00893nam a2200229 a 4500
005 20140412111244.0
008 001110s19uu xx 00 eng d
020 _a0-916392-59-7
050 _aREF 303.3
_bJ63 1980
100 _aJohnson, Ann Donegan
245 _aThe Value of adventure :
_bthe story of Sacagawea /
_cAnn Donegan Johnson ; illustrated by Steve Pileggi.
260 _aLa Jolla, CA :
_bValue Comm., Inc Pub,
_c1980.
300 _a63 p. ; col. ; ill.
440 _aA Value Tale Series
520 _aA brief biography emphasizing the value of adventures in the life of Shoshoni Indian woman who acted as guide for Lewis and Clark expedition.
650 _aSacagawea, 1786-1884
650 _aShoshoni Indians--Biography
650 _aIndians of North America--Biography
650 _aAdventure and adventurers
650 _aLewis and Clark Expedition
999 _c102846
_d102846